000 00313nam a22001457a 4500
020 _a978-93-5432-078-1
082 _a894.812
_bIND/V
100 _aINDIGOPAN G.R
245 _aPAPER ROCKET
260 _aKOTTAYAM
_bDC BOOKS
_c2023
300 _a189
520 _aSHORT STORY
650 _aSHORT STORY
942 _cBK
999 _c7096
_d7096